Koncepcia rozvoja služieb z hľadiska uplatňovania ekonómie času v oblasti finálnej spotreby obyvateľstva

Salvato in:
Dettagli Bibliografici
Autore principale: Orságová, Soňa
Natura: Libro
Lingua:slovacco
Pubblicazione: Bratislava Výskumný ústav sociálneho rozvoja a práce 1990
Tags: Aggiungi Tag
Nessun Tag, puoi essere il primo ad aggiungerne!!

MARC

LEADER 00000nam a2200000 4500
001 c034795
005 20221215070745.6
041 0 |a slo 
044 |a SK 
245 1 0 |a Koncepcia rozvoja služieb z hľadiska uplatňovania ekonómie času v oblasti finálnej spotreby obyvateľstva  |c Soňa Orságová 
264 1 |a Bratislava  |b Výskumný ústav sociálneho rozvoja a práce  |c 1990 
300 |a 53 s. 
100 1 |a Orságová, Soňa